SCREENPLAY THE FOUNDATIONS OF SCREENWRITING (Record no. 32129)

MARC details
000 -LEADER
fixed length control field 00320nam a22001457a 4500
003 - CONTROL NUMBER IDENTIFIER
control field SGT
020 ## - INTERNATIONAL STANDARD BOOK NUMBER
International Standard Book Number 9780385339032
082 ## - DEWEY DECIMAL CLASSIFICATION NUMBER
Classification number 808.23
Item number FIE
100 ## - MAIN ENTRY--PERSONAL NAME
Personal name FIELD SYD
245 ## - TITLE STATEMENT
Title SCREENPLAY THE FOUNDATIONS OF SCREENWRITING
260 ## - PUBLICATION, DISTRIBUTION, ETC. (IMPRINT)
Place of publication, distribution, etc USA
Year of Publication 2022
Name of publisher, distributor, etc BANTAM DELL
300 ## - PAGE DESCRIPTION
No. of Pages 319
650 ## - SUBJECT ADDED ENTRY--TOPICAL TERM
Topical term or geographic name as entry element BJMC
942 ## - ADDED ENTRY ELEMENTS (KOHA)
Source of classification or shelving scheme Dewey Decimal Classification
Koha item type Books
Holdings
Withdrawn status Lost status Source of classification or shelving scheme Damaged status Not for loan Home library Current library Shelving location Date acquired Vendor Name Cost, normal purchase price SGTU Bill Number Full call number Accession No. (Barcode) Date last seen Bill Date Koha item type Total Checkouts Date last borrowed
    Dewey Decimal Classification   Not For Loan SGT Science & Social Sciences Library SGT Science & Social Sciences Library Reference Book 21/07/2025 BRIJWASHI DELHI 899.00 SGTU BW/000214 808.23 FIE MC1241 21/07/2025   Books    
    Dewey Decimal Classification     SGT Science & Social Sciences Library SGT Science & Social Sciences Library   21/07/2025 BRIJWASHI DELHI 899.00 SGTU BW/000214 808.23 FIE MC1242 21/07/2025   Books    
    Dewey Decimal Classification     SGT Science & Social Sciences Library SGT Science & Social Sciences Library   21/07/2025 BRIJWASHI DELHI 899.00 SGTU BW/000214 808.23 FIE MC1243 09/05/2026   Books 1 25/04/2026
    Dewey Decimal Classification     SGT Science & Social Sciences Library SGT Science & Social Sciences Library   21/07/2025 BRIJWASHI DELHI 899.00 SGTU BW/000214 808.23 FIE MC1244 21/07/2025   Books    
    Dewey Decimal Classification     SGT Science & Social Sciences Library SGT Science & Social Sciences Library   21/07/2025 BRIJWASHI DELHI 899.00 SGTU BW/000214 808.23 FIE MC1245 21/07/2025   Books